[Event "BRA-ch Regional Sul"]
[Site "Lages"]
[Date "2019.10.18"]
[Round "1"]
[White "Santana Freitas, Maria Eduarda"]
[Black "Ribeiro, Maria Eduarda Thibe"]
[Result "1-0"]
[WhiteElo "1442"]
[BlackElo "1757"]
[PlyCount "67"]
[EventDate "2019.10.18"]
[EventType "swiss"]
[EventRounds "5"]
[EventCountry "BRA"]
[SourceTitle "CBM 195 Extra"]
[Source "ChessBase"]
[SourceDate "2020.05.31"]
[SourceVersion "1"]
[SourceVersionDate "2020.05.31"]
[SourceQuality "1"]

1. e4 c5 2. Nf3 d6 3. d4 cxd4 4. Nxd4 Nf6 5. Nc3 e6 6. Be3 Be7 7. f3 a6 8. Qd2 Bd7 9. g4 Nc6 10. g5 Nxd4 11. Bxd4 Ng8 12. Bxg7 Bxg5 13. Qxd6 Bh4+ 14. Kd1 Be7 15. Qd2 Bg5 16. f4 Bf6 17. Bxh8 Bxh8 18. Rg1 Nh6 19. Bd3 Bd4 20. Rg2 f5 21. exf5 exf5 22. Qe2+ Qe7 23. Qh5+ Nf7 24. Rg8+ Qf8 25. Rxf8+ Kxf8 26. Bxf5 Be8 27. Qxh7 Rd8 28. Ke2 Bb5+ 29. Nxb5 axb5 30. Be6 Bg7 31. Rg1 Re8 32. Qxg7+ Ke7 33. Qxf7+ Kd8 34. Rd1# 1-0

[Event "Blumenau STD op"]
[Site "Blumenau"]
[Date "2018.09.30"]
[Round "5"]
[White "Santana Freitas, Maria Eduarda"]
[Black "Martins, Lara"]
[Result "1-0"]
[WhiteElo "1456"]
[BlackElo "1191"]
[PlyCount "83"]
[EventDate "2018.09.28"]
[EventType "swiss"]
[EventRounds "6"]
[EventCountry "BRA"]
[SourceTitle "EXT 2020"]
[Source "ChessBase"]
[SourceDate "2019.10.17"]
[SourceVersion "1"]
[SourceVersionDate "2019.10.17"]
[SourceQuality "1"]

1. e4 c6 2. d4 d5 3. Nc3 Nf6 4. e5 Ne4 5. Nxe4 dxe4 6. Bc4 e6 7. Ne2 a5 8. a4 Bd7 9. Ng3 Qh4 10. Qe2 b5 11. axb5 cxb5 12. Bxb5 Bxb5 13. Qxb5+ Nd7 14. Qc6 Ra7 15. b3 Bb4+ 16. c3 Be7 17. Qxe4 Qxe4+ 18. Nxe4 0-0 19. Ke2 Rc8 20. Bd2 Nb6 21. c4 Raa8 22. Rxa5 Rxa5 23. Bxa5 Na8 24. Nd6 Rb8 25. Rb1 f6 26. f4 g5 27. g3 h5 28. c5 gxf4 29. gxf4 fxe5 30. fxe5 Bd8 31. Bxd8 Rxd8 32. b4 Nc7 33. b5 Nd5 34. Kd2 Nc7 35. b6 Na6 36. c6 Kg7 37. c7 Rf8 38. Ke2 Rf4 39. c8Q Rxd4 40. Rg1+ Kh7 41. Qg8+ Kh6 42. Qg7# 1-0

[Event "Florianopolis op 4th"]
[Site "Florianopolis"]
[Date "2018.01.24"]
[Round "8"]
[White "Santana Freitas, Maria Eduarda"]
[Black "Presa, Luis Alberto Passos"]
[Result "0-1"]
[WhiteElo "1468"]
[BlackElo "1736"]
[PlyCount "78"]
[EventDate "2018.01.19"]
[EventType "swiss"]
[EventRounds "10"]
[EventCountry "BRA"]
[SourceTitle "EXT 2019"]
[Source "ChessBase"]
[SourceDate "2018.10.10"]
[SourceVersion "1"]
[SourceVersionDate "2018.10.10"]
[SourceQuality "1"]

1. e4 c5 2. Nf3 d6 3. d4 cxd4 4. Nxd4 Nf6 5. Nc3 Nc6 6. Bb5 Bd7 7. Bxc6 bxc6 8. h3 Qc7 9. Be3 Rb8 10. Rb1 e6 11. 0-0 d5 12. exd5 cxd5 13. Nb3 Bd6 14. a3 0-0 15. Bg5 Be5 16. Ne2 Ne4 17. Be7 Rfc8 18. Ned4 Bb5 19. Nxb5 Rxb5 20. Qd3 Rxb3 21. cxb3 Qxe7 22. Rbc1 Qb7 23. Rxc8+ Qxc8 24. Qe3 Qb7 25. Rc1 Bc7 26. Qf3 Bb6 27. Rc2 h6 28. b4 Qb8 29. b3 f6 30. Qg4 Ng5 31. h4 f5 32. Qd1 Ne4 33. Qc1 Qg3 34. Kf1 Bxf2 35. Rc8+ Kh7 36. Qc7 Qe3 37. g4 Nd2+ 38. Kg2 Qf3+ 39. Kh2 Nf1# 0-1

[Event "BRA-ch U20 Girls"]
[Site "Florianopolis"]
[Date "2017.10.27"]
[Round "1"]
[White "Tamarozi, Isabelle"]
[Black "Santana Freitas, Maria Eduarda"]
[Result "1-0"]
[WhiteElo "1928"]
[BlackElo "1467"]
[PlyCount "59"]
[EventDate "2017.10.27"]
[EventType "swiss"]
[EventRounds "6"]
[EventCountry "BRA"]
[SourceTitle "CBM 181 Extra"]
[Source "ChessBase"]
[SourceDate "2017.12.12"]
[SourceVersion "1"]
[SourceVersionDate "2017.12.12"]
[SourceQuality "1"]

1. e4 c5 2. Nf3 d6 3. d4 cxd4 4. Nxd4 Nf6 5. Nc3 g6 6. Be2 Bg7 7. Be3 Nc6 8. Nb3 Bd7 9. 0-0 0-0 10. f4 Rc8 11. Bf3 a6 12. a4 Qc7 13. g4 Na5 14. g5 Ne8 15. Nd5 Qd8 16. Nxa5 Qxa5 17. Bb6 Qxb6+ 18. Nxb6 Rd8 19. Nxd7 Rxd7 20. c3 Nc7 21. f5 Rfd8 22. Bg4 f6 23. fxg6 e6 24. gxf6 Bh6 25. g7 d5 26. Qf3 dxe4 27. f7+ Kxg7 28. f8Q+ Rxf8 29. Qxf8+ Kg6 30. Qf6# 1-0

[Event "BRA-ch U12 Girls"]
[Site "Brasilia"]
[Date "2017.04.22"]
[Round "4"]
[White "Santana Freitas, Maria Eduarda"]
[Black "Kikuchi Cadilhac, Mariana Sawae"]
[Result "0-1"]
[WhiteElo "1468"]
[BlackElo "1530"]
[PlyCount "150"]
[EventDate "2017.04.21"]
[EventType "swiss"]
[EventRounds "6"]
[EventCountry "BRA"]
[SourceTitle "CBM 177 Extra"]
[Source "ChessBase"]
[SourceDate "2017.04.27"]
[SourceVersion "1"]
[SourceVersionDate "2017.04.27"]
[SourceQuality "1"]

1. e4 e5 2. Nf3 Nc6 3. d4 exd4 4. Nxd4 Qf6 5. Nxc6 Qxc6 6. Nc3 Bb4 7. Qd4 Bxc3+ 8. bxc3 Nf6 9. Bd3 0-0 10. 0-0 Re8 11. Re1 d6 12. f4 Bf5 13. Bb2 Bxe4 14. Bxe4 Rxe4 15. Qf2 Qb6 16. Qxb6 axb6 17. Rxe4 Nxe4 18. Re1 f5 19. a3 Kf7 20. g4 g6 21. g5 Nd2 22. Ra1 Nc4 23. Bc1 Re8 24. Kf2 Ke6 25. Be3 Kd5 26. Rd1+ Kc6 27. Bd4 Nxa3 28. Rd2 Nb5 29. Bf6 d5 30. Be5 Nd6 31. Kg3 Nc4 32. Re2 Nxe5 33. fxe5 Re6 34. Kf3 Kc5 35. Kf4 Kc4 36. Re3 Kc5 37. Rh3 Re7 38. Re3 Kc6 39. h4 Kd7 40. Rh3 Ke6 41. h5 c6 42. hxg6 hxg6 43. Rh6 Rg7 44. Rh8 b5 45. Re8+ Re7 46. Rf8 Rg7 47. Rf6+ Ke7 48. e6 Kd6 49. Ke3 Re7 50. Rxg6 Rxe6+ 51. Rxe6+ Kxe6 52. Kf4 b6 53. g6 Kf6 54. g7 Kxg7 55. Kxf5 Kf7 56. Ke5 Ke7 57. Kd4 Kd6 58. Kd3 Kc5 59. Ke3 Kc4 60. Kd2 c5 61. Kc1 Kxc3 62. Kd1 b4 63. Kc1 d4 64. Kb1 b3 65. Kc1 d3 66. cxd3 Kxd3 67. Kb2 c4 68. Kb1 c3 69. Kc1 c2 70. Kb2 Kd2 71. Kxb3 c1Q 72. Ka2 Qc5 73. Ka1 Qb5 74. Ka2 Kc2 75. Ka1 Qb2# 0-1

[Event "BRA-ch U12 Girls"]
[Site "Brasilia"]
[Date "2017.04.21"]
[Round "1"]
[White "Santana Freitas, Maria Eduarda"]
[Black "Ziliotto, Barbara Magro"]
[Result "1-0"]
[WhiteElo "1468"]
[BlackElo "1731"]
[PlyCount "47"]
[EventDate "2017.04.21"]
[EventType "swiss"]
[EventRounds "6"]
[EventCountry "BRA"]
[SourceTitle "CBM 177 Extra"]
[Source "ChessBase"]
[SourceDate "2017.04.27"]
[SourceVersion "1"]
[SourceVersionDate "2017.04.27"]
[SourceQuality "1"]

1. e4 e5 2. Nf3 Nc6 3. Bc4 Bc5 4. c3 Nf6 5. d3 0-0 6. Bb3 d6 7. h3 Be6 8. Bg5 Re8 9. 0-0 Qe7 10. d4 Bb6 11. d5 Bd7 12. dxc6 Bxc6 13. Nbd2 Rad8 14. Qe2 d5 15. Rad1 Qe6 16. Rfe1 a6 17. exd5 Bxd5 18. Qxe5 Qc6 19. Bxd5 Rxd5 20. Qg3 Ne4 21. Nxe4 Rxd1 22. Nf6+ gxf6 23. Bh6+ Kh8 24. Qg7# 1-0

[Event "Florianopolis op 3rd"]
[Site "Florianopolis"]
[Date "2017.01.23"]
[Round "6"]
[White "Santana Freitas, Maria Eduarda"]
[Black "De Lima, Enzo Magalhaes"]
[Result "0-1"]
[WhiteElo "1574"]
[BlackElo "1319"]
[PlyCount "100"]
[EventDate "2017.01.20"]
[EventType "swiss"]
[EventRounds "10"]
[EventCountry "BRA"]
[SourceTitle "CBM 176 Extra"]
[Source "ChessBase"]
[SourceDate "2017.03.02"]
[SourceVersion "1"]
[SourceVersionDate "2017.03.02"]
[SourceQuality "1"]

1. e4 c6 2. d4 d5 3. Nd2 dxe4 4. Nxe4 Bf5 5. Ng3 Bg6 6. h4 h6 7. h5 Bh7 8. Nf3 Nd7 9. Bd3 Bxd3 10. Qxd3 Ngf6 11. Be3 e6 12. 0-0-0 Qc7 13. Rhe1 0-0-0 14. Kb1 Nc5 15. Qe2 Nce4 16. Nxe4 Nxe4 17. Ne5 Bd6 18. Bf4 Nf6 19. c4 Bxe5 20. Bxe5 Qb6 21. Bxf6 gxf6 22. Qf3 Rxd4 23. Qxf6 Rxd1+ 24. Rxd1 Rd8 25. Rxd8+ Qxd8 26. Qxh6 Qd3+ 27. Kc1 Qf1+ 28. Kc2 Qxc4+ 29. Kd2 Qd4+ 30. Kc2 Qxf2+ 31. Kc3 Qg3+ 32. Kc2 Qxg2+ 33. Qd2 Qg8 34. Kd3 Qh7+ 35. Kc3 Qxh5 36. Qd4 Qa5+ 37. Kb3 Qd5+ 38. Qxd5 cxd5 39. Kc3 Kd7 40. Kd4 Kd6 41. Ke3 e5 42. Kd3 Kc5 43. Ke3 e4 44. Kd2 d4 45. Ke2 Kc4 46. Kd2 e3+ 47. Ke2 f5 48. a3 f4 49. a4 f3+ 50. Kxf3 Kd3 0-1

[Event "Florianopolis-ch 33rd"]
[Site "Florianopolis"]
[Date "2016.06.04"]
[Round "4"]
[White "Marques Junior, Marcos Antonio"]
[Black "Santana Freitas, Maria Eduarda"]
[Result "1-0"]
[WhiteElo "1658"]
[BlackElo "1600"]
[PlyCount "93"]
[EventDate "2016.06.03"]
[EventType "swiss"]
[EventRounds "6"]
[EventCountry "BRA"]
[SourceTitle "CBM 172 Extra"]
[Source "ChessBase"]
[SourceDate "2016.06.21"]
[SourceVersion "1"]
[SourceVersionDate "2016.06.21"]
[SourceQuality "1"]

1. c4 Nf6 2. Nf3 e6 3. g3 d5 4. Bg2 dxc4 5. Qa4+ Nc6 6. Qxc4 Bd6 7. d4 h6 8. 0-0 0-0 9. Nc3 Re8 10. Rd1 Qe7 11. a3 a5 12. b3 Qd7 13. Ne5 Qe7 14. Nxc6 bxc6 15. Bxc6 Ba6 16. Nb5 Bxb5 17. Qxb5 Rab8 18. Qc4 Red8 19. Bb2 e5 20. dxe5 Bxe5 21. Bxe5 Qxe5 22. Rac1 Rxd1+ 23. Rxd1 Qb2 24. a4 Qxb3 25. Qxb3 Rxb3 26. Rd8+ Kh7 27. Ra8 Rb6 28. Bb5 c5 29. Rxa5 Nd5 30. Bd3+ g6 31. Rxc5 Nf6 32. a5 Rb7 33. Kg2 Ra7 34. a6 Kg8 35. Rb5 Kg7 36. Rb7 Ra8 37. Bc4 Kh8 38. a7 Ng8 39. Rxf7 h5 40. Bd5 Rd8 41. a8Q Rxa8 42. Bxa8 h4 43. Be4 h3+ 44. Kxh3 Nh6 45. Ra7 Ng8 46. Bxg6 Nf6 47. e4 1-0

[Event "Florianopolis-ch 33rd"]
[Site "Florianopolis"]
[Date "2016.06.03"]
[Round "1"]
[White "Santana Freitas, Maria Eduarda"]
[Black "De Carvalho, Christopher"]
[Result "0-1"]
[WhiteElo "1600"]
[BlackElo "2069"]
[PlyCount "66"]
[EventDate "2016.06.03"]
[EventType "swiss"]
[EventRounds "6"]
[EventCountry "BRA"]
[SourceTitle "CBM 172 Extra"]
[Source "ChessBase"]
[SourceDate "2016.06.21"]
[SourceVersion "1"]
[SourceVersionDate "2016.06.21"]
[SourceQuality "1"]

1. e4 e5 2. Nf3 Nc6 3. Bb5 a6 4. Ba4 Nf6 5. 0-0 Be7 6. Re1 b5 7. Bb3 0-0 8. h3 d6 9. Nc3 Na5 10. d4 exd4 11. Nxd4 Bb7 12. a3 Nxb3 13. cxb3 Re8 14. Bf4 Bf8 15. Qc2 g6 16. Rad1 c5 17. Nf3 Qb6 18. Bxd6 Bxd6 19. e5 Bxf3 20. Rxd6 Qxd6 21. exd6 Rxe1+ 22. Kh2 Bc6 23. f3 Re6 24. Qf2 Nd7 25. Qd2 Nf6 26. Qf2 Rd8 27. Qxc5 Rdxd6 28. a4 bxa4 29. bxa4 Rd2 30. Qa3 Bxf3 31. Kg3 Bc6 32. a5 Rxg2+ 33. Kh4 g5# 0-1